00846nam a2200241 a 4500001001000000003000900010005001700019007000300036008004100039020001800080040002500098082002100123100003500144245008000179260003600259300002800295590002800323650006900351910003700420942001400457952011600471999001700587000020579DO-SdBNP20240228133748.0ta100810d2015 a 000 0 spa d a9789945454499 aDO-SdBNPbspacBNPHU 4a610.7bC355h22211aCastro Ventura, Santiago9183710aHistoria de la educación médica dominicana. /cSantiago Castro Ventura  aSanto Domingo :bManati,c2015. a460 p. :bil. ;c24 cm. aInventariado, 2020 / DG 4aEducacición médicazRepública DominicanaxHistoria 982474 aValidado. Control de calidad MFF 2ddccLBS1 00102ddc51708PDaBNPHUbBNPHUcHDd2020-03-10oBNPHU PD 610.7 C355hp20579-10r2020-06-25w2020-06-25yLBS1 c20083d20083